000 01130nam a22002657a 4500
005 20170124103130.0
010 _aA-991278
020 _c80.00
035 _aA-991278
037 _bCen Lib/Ret
040 _aDPL
_bHN
082 _a338.642
_bव्यासरा
100 _aव्यास, राजेश कुमार
_983969
245 _aकैसे लगाएँ लघु उधोग /
_cराजेश कुमार व्यास
246 _aKaise lagaaein laghu udyog /
_bby Rajesh Kumar Vyas
260 _aनई दिल्ली
_bसुबोध पब्लिकेशन्स
_c2000
270 _a2/3 बी, अंसारी रोड
_bनई दिल्ली
_e110002
300 _a111पृ.
_c21सेमी(सजिल्द)
500 _aअनुक्रमणिका शामिल
650 _aलधु उधोग
_93671
650 _aलधु उधोग--प्रशिक्षण
_983970
650 _aSmall industry
_983971
650 _aSmall industry--training
_983972
942 _2ddc
_cHN
_h338.642
_mव्यासरा
999 _c119239
_d119239